Silence

Đã lưu trong:
书目详细资料
主要作者: Endo, Shusaku
格式: 图书
语言:Undetermined
出版: Japan Kodansha International Ltd. 1966
主题:
标签: 添加标签
没有标签, 成为第一个标记此记录!
Thư viện lưu trữ: Trung tâm Học liệu Trường Đại học Cần Thơ
LEADER 00500nam a2200193Ia 4500
001 CTU_114272
008 210402s9999 xx 000 0 und d
082 |a 895.635 
082 |b E56 
100 |a Endo, Shusaku 
245 0 |a Silence 
245 0 |c Shusaku Endo; Translated by William Johnston 
260 |a Japan 
260 |b Kodansha International Ltd. 
260 |c 1966 
650 |a Japan 
650 |x Fiction 
904 |i M.Loan 
980 |a Trung tâm Học liệu Trường Đại học Cần Thơ